[Event "Titled Tuesday intern op 16th Apr Late"]
[Site "Chess.com INT"]
[Date "2024.04.16"]
[Round "6"]
[White "Bernat, David"]
[Black "Dias, Simao Poscidonio"]
[Result "1-0"]
[WhiteElo "1917"]
[BlackElo "2068"]
[PlyCount "53"]
[EventDate "2024.04.16"]
[EventType "swiss (blitz)"]
[EventRounds "11"]
[EventCountry "USA"]
[SourceTitle "CB17_2024"]
[SourceDate "2024.04.24"]
[SourceVersion "1"]
[SourceVersionDate "2024.04.24"]
[SourceQuality "1"]

1. c4 e6 2. e4 d5 3. cxd5 exd5 4. exd5 Nf6 5. Bb5+ Bd7 6. Bc4 Bg4 7. Qb3 b6 8. f3 Bh5 9. Nc3 Bc5 10. Nge2 0-0 11. d4 Bd6 12. 0-0 c6 13. Bg5 h6 14. Bh4 c5 15. dxc5 Bxc5+ 16. Kh1 Re8 17. Ne4 Rxe4 18. fxe4 g5 19. Nf4 gxh4 20. e5 Ng4 21. Nxh5 Nxe5 22. d6 Nbd7 23. Bxf7+ Kh8 24. Qe6 Qg5 25. Rf5 Qe3 26. Rxe5 Qxe5 27. Qxh6# 1-0

[Event "Titled Tuesday intern op 16th Apr Late"]
[Site "Chess.com INT"]
[Date "2024.04.16"]
[Round "1"]
[White "Jakubowski, Krzysztof"]
[Black "Bernat, David"]
[Result "1-0"]
[WhiteElo "2462"]
[BlackElo "1917"]
[PlyCount "71"]
[EventDate "2024.04.16"]
[EventType "swiss (blitz)"]
[EventRounds "11"]
[EventCountry "USA"]
[SourceTitle "CB17_2024"]
[SourceDate "2024.04.24"]
[SourceVersion "1"]
[SourceVersionDate "2024.04.24"]
[SourceQuality "1"]

1. e4 c5 2. Nf3 g6 3. d4 cxd4 4. Nxd4 Nc6 5. c4 Nf6 6. Nc3 d6 7. Be2 Nxd4 8. Qxd4 Bg7 9. 0-0 0-0 10. Qd3 Be6 11. Bd2 Nd7 12. b3 a6 13. Kh1 Rc8 14. f4 Nc5 15. Qe3 Bd7 16. Rad1 Bc6 17. f5 Rb8 18. Nd5 Bxd5 19. exd5 b5 20. Be1 bxc4 21. Bxc4 a5 22. a4 Qd7 23. Bxa5 Nxa4 24. bxa4 Qxa4 25. Qxe7 Qxa5 26. Qxd6 Rbd8 27. Qa6 Qc5 28. fxg6 hxg6 29. d6 Be5 30. d7 Kg7 31. h3 Bc7 32. Qf6+ Kh7 33. Bxf7 Qh5 34. Rd4 Rxf7 35. Qxf7+ Kh6 36. Qf6 1-0

[Event "Titled Tuesday intern op 12th Mar Late"]
[Site "Chess.com INT"]
[Date "2024.03.12"]
[Round "3"]
[White "Palencia Morales, Wilson Guillermo"]
[Black "Bernat, David"]
[Result "0-1"]
[WhiteElo "2180"]
[BlackElo "1917"]
[PlyCount "76"]
[EventDate "2024.03.12"]
[EventType "swiss (blitz)"]
[EventRounds "11"]
[EventCountry "USA"]
[SourceTitle "CB12_2024"]
[SourceDate "2023.10.01"]
[SourceVersion "1"]
[SourceVersionDate "2023.10.01"]
[SourceQuality "1"]

1. d4 d5 2. c4 e5 3. dxe5 d4 4. Nf3 Nc6 5. g3 Nge7 6. Bg2 Ng6 7. 0-0 Ngxe5 8. Nxe5 Nxe5 9. Qa4+ c6 10. Rd1 Be7 11. Be3 d3 12. exd3 Bg4 13. Re1 Nxd3 14. Nc3 Nxe1 15. Rxe1 0-0 16. h3 Be6 17. Ne4 b5 18. cxb5 cxb5 19. Qxb5 Rb8 20. Qe2 Qa5 21. b3 Rfd8 22. Kh2 h6 23. Rc1 Rbc8 24. Rxc8 Rxc8 25. Bd4 Qc7 26. Qh5 Qd7 27. Ba1 Rc1 28. Qe5 Bf8 29. Bb2 Rb1 30. Bd4 Rd1 31. Bc3 Rd3 32. Bb2 Rd5 33. Nf6+ gxf6 34. Qxf6 Kh7 35. Be4+ Bf5 36. Qh8+ Kg6 37. Qg8+ Kh5 38. Qg4+ Bxg4 0-1

[Event "Titled Tuesday intern op 06th Feb Early"]
[Site "Chess.com INT"]
[Date "2024.02.06"]
[Round "1"]
[White "Banh, Gia Huy"]
[Black "Bernat, David"]
[Result "1-0"]
[WhiteElo "2390"]
[BlackElo "1862"]
[PlyCount "49"]
[EventDate "2024.02.06"]
[EventType "swiss (blitz)"]
[EventRounds "11"]
[EventCountry "USA"]
[SourceTitle "CB07_2024"]
[SourceDate "2024.02.14"]
[SourceVersion "1"]
[SourceVersionDate "2024.02.14"]
[SourceQuality "1"]

1. d4 d5 2. Nf3 Nf6 3. Bf4 c5 4. e3 Qb6 5. Nc3 c4 6. Rb1 e6 7. Be2 Bb4 8. 0-0 Bxc3 9. bxc3 Qa5 10. Bd6 Nc6 11. Ne5 Nxe5 12. dxe5 Ne4 13. Bb4 Qc7 14. Qd4 b6 15. f4 Qc6 16. Bf3 Nc5 17. f5 0-0 18. f6 a5 19. Qg4 g6 20. Qg5 Kh8 21. Qh6 Rg8 22. Bg4 axb4 23. Rf3 Ne4 24. Qxh7+ Kxh7 25. Rh3# 1-0

[Event "Titled Tuesday intern op 06th Feb Early"]
[Site "Chess.com INT"]
[Date "2024.02.06"]
[Round "2"]
[White "Khamdamova, Afruza"]
[Black "Bernat, David"]
[Result "0-1"]
[WhiteElo "2327"]
[BlackElo "1862"]
[PlyCount "52"]
[EventDate "2024.02.06"]
[EventType "swiss (blitz)"]
[EventRounds "11"]
[EventCountry "USA"]
[SourceTitle "CB07_2024"]
[SourceDate "2024.02.14"]
[SourceVersion "1"]
[SourceVersionDate "2024.02.14"]
[SourceQuality "1"]

1. e4 c5 2. Nf3 g6 3. d4 cxd4 4. Nxd4 Nc6 5. Nc3 Bg7 6. Be3 Nf6 7. f3 0-0 8. Qd2 d5 9. exd5 Nxd5 10. Nxc6 bxc6 11. Bd4 e5 12. Bc5 Re8 13. 0-0-0 Be6 14. Bc4 Qh4 15. Bxd5 cxd5 16. Kb1 Rec8 17. Bf2 Qc4 18. Qd3 d4 19. Qxc4 Bxc4 20. Ne4 Rc6 21. c3 f5 22. Nd2 Bd3+ 23. Ka1 dxc3 24. bxc3 Rxc3 25. Nb1 e4 26. Kb2 Rb8+ 0-1

[Event "Titled Tuesday intern op 06th Feb Early"]
[Site "Chess.com INT"]
[Date "2024.02.06"]
[Round "4"]
[White "Silva Lucena, Cristian"]
[Black "Bernat, David"]
[Result "1-0"]
[WhiteElo "2340"]
[BlackElo "1862"]
[PlyCount "99"]
[EventDate "2024.02.06"]
[EventType "swiss (blitz)"]
[EventRounds "11"]
[EventCountry "USA"]
[SourceTitle "CB07_2024"]
[SourceDate "2024.02.14"]
[SourceVersion "1"]
[SourceVersionDate "2024.02.14"]
[SourceQuality "1"]

1. Nf3 c5 2. e4 g6 3. d4 cxd4 4. Nxd4 Nc6 5. Be3 Nf6 6. Nc3 Bg7 7. Bc4 Qa5 8. 0-0 Qb4 9. Bb3 Nxd4 10. Bxd4 0-0 11. e5 Ne8 12. Nd5 Qa5 13. Nxe7+ Kh8 14. Bc3 Qd8 15. Nd5 Nc7 16. Nf6 Ne6 17. Qd3 b6 18. Qh3 h6 19. Rad1 Ba6 20. Rfe1 Ng5 21. Qxd7 Qxd7 22. Rxd7 Rad8 23. Red1 Rxd7 24. Rxd7 Bc8 25. Rd1 Bf5 26. h4 Ne6 27. f3 g5 28. g4 Bg6 29. h5 Bh7 30. Bxe6 fxe6 31. Nxh7 Kxh7 32. Kg2 Rc8 33. Rd7 Kg8 34. Rxa7 Rc5 35. Rb7 Bxe5 36. Bxe5 Rxe5 37. Rxb6 Re2+ 38. Kg3 Rxc2 39. a4 Kf7 40. a5 Rc5 41. b4 Rc3 42. a6 Ke7 43. Rb7+ Kd6 44. a7 Ra3 45. b5 e5 46. Kf2 Kc5 47. b6 Kc6 48. Rb8 Ra2+ 49. Ke3 Ra3+ 50. Ke4 1-0

[Event "Titled Tuesday intern op 16th Jan Early"]
[Site "Chess.com INT"]
[Date "2024.01.16"]
[Round "3"]
[White "Bernat, David"]
[Black "Kashefi, Amir Hossein"]
[Result "0-1"]
[WhiteElo "1862"]
[BlackElo "2193"]
[PlyCount "76"]
[EventDate "2024.01.16"]
[EventType "swiss (blitz)"]
[EventRounds "11"]
[EventCountry "USA"]
[SourceTitle "CB04_2024"]
[SourceDate "2023.10.16"]
[SourceVersion "1"]
[SourceVersionDate "2023.10.16"]
[SourceQuality "1"]

1. c4 c6 2. e4 d5 3. cxd5 cxd5 4. exd5 Nf6 5. Nc3 g6 6. Bc4 Bg7 7. Nf3 0-0 8. 0-0 Nbd7 9. Qb3 Nc5 10. Qd1 Bf5 11. d4 Nce4 12. Qb3 Nd6 13. Be2 a6 14. a4 Rc8 15. Bf4 Nfe4 16. Nxe4 Bxe4 17. Rac1 Qd7 18. Bxd6 exd6 19. Rfd1 Bh6 20. Rc3 Rfe8 21. Bf1 Rxc3 22. Qxc3 Rc8 23. Qa3 Bxd5 24. b4 Qf5 25. b5 Bxf3 26. Qxf3 Qxf3 27. gxf3 a5 28. Re1 Bg7 29. Re7 b6 30. d5 Bd4 31. Rd7 Bc5 32. Bh3 Re8 33. Kg2 Re2 34. Rd8+ Kg7 35. Rd7 Rxf2+ 36. Kg3 Kf8 37. Rc7 Rc2 38. Kg4 h5+ 0-1

[Event "Titled Tuesday intern op 19th Dec Early"]
[Site "Chess.com INT"]
[Date "2023.12.19"]
[Round "1"]
[White "Skliarov, Viktor"]
[Black "Bernat, David"]
[Result "1-0"]
[WhiteElo "2349"]
[BlackElo "1862"]
[PlyCount "125"]
[EventDate "2023.12.19"]
[EventType "swiss (blitz)"]
[EventRounds "11"]
[EventCountry "USA"]
[SourceTitle "CB52_2023"]
[SourceDate "2023.12.27"]
[SourceVersion "1"]
[SourceVersionDate "2023.12.27"]
[SourceQuality "1"]

1. e4 c5 2. Nf3 g6 3. d4 cxd4 4. Qxd4 Nf6 5. Nc3 Nc6 6. Qa4 d6 7. e5 dxe5 8. Nxe5 Bg7 9. Nxc6 bxc6 10. Qxc6+ Bd7 11. Qf3 Rb8 12. Bd3 0-0 13. 0-0 Qb6 14. b3 Bc6 15. Qe2 Qa5 16. Bd2 Nd5 17. Ne4 Qc7 18. Rae1 Nf4 19. Bxf4 Qxf4 20. Ng3 Bc3 21. Qe3 Qxe3 22. Rxe3 Bb4 23. Bc4 e6 24. Rd3 Rfd8 25. Rfd1 Rxd3 26. Rxd3 Kf8 27. a4 Ke7 28. Kf1 h5 29. Ne2 Rd8 30. Rxd8 Kxd8 31. Nd4 Be4 32. f3 Ba8 33. Ke2 Ke7 34. Kd3 Bd6 35. h3 e5 36. Nb5 Bb8 37. Nc3 f5 38. Bd5 Bxd5 39. Nxd5+ Kd6 40. Ne3 a6 41. b4 Ba7 42. c4 Ke6 43. c5 Kd7 44. Kc4 Ke6 45. b5 axb5+ 46. axb5 e4 47. fxe4 fxe4 48. b6 Bb8 49. c6 Kd6 50. c7 Bxc7 51. bxc7 Kxc7 52. Kd5 Kd7 53. Ke5 Ke7 54. Kxe4 Kf7 55. h4 Kf6 56. Kf4 Ke6 57. Kg5 Kf7 58. Nd5 Kg7 59. Nf4 Kh7 60. Nxg6 Kg7 61. Kxh5 Kh7 62. Kg5 Kg7 63. h5 1-0

[Event "Titled Tuesday intern op 19th Sep Late"]
[Site "Chess.com INT"]
[Date "2023.09.19"]
[Round "4"]
[White "Bernat, David"]
[Black "Janaszak, Dawid"]
[Result "0-1"]
[WhiteElo "1862"]
[BlackElo "2302"]
[PlyCount "74"]
[EventDate "2023.09.19"]
[EventType "swiss (blitz)"]
[EventRounds "11"]
[EventCountry "USA"]
[SourceTitle "EXT 2024"]
[Source "ChessBase"]
[SourceDate "2023.10.10"]
[SourceVersion "1"]
[SourceVersionDate "2023.10.10"]
[SourceQuality "1"]

1. c4 e6 2. e4 d5 3. cxd5 exd5 4. exd5 Nf6 5. Bb5+ Nbd7 6. Nc3 a6 7. Be2 Nb6 8. Nf3 Nbxd5 9. 0-0 Be7 10. d4 0-0 11. Re1 Bf5 12. Bc4 Nb4 13. Re2 Bg4 14. Re1 Bxf3 15. Qxf3 Nc2 16. Be3 c6 17. Rad1 Nxe1 18. Rxe1 Qd7 19. Bd3 Qg4 20. Qxg4 Nxg4 21. Bf4 Rfe8 22. Bf5 Bg5 23. Rd1 Nxf2 24. Kxf2 Bxf4 25. g3 Bd6 26. Ne4 Rad8 27. Nxd6 Rxd6 28. Bc2 Red8 29. Re1 Rxd4 30. Bb3 R4d7 31. Re4 Kf8 32. h4 Re7 33. Rf4 c5 34. g4 Rd4 35. Rf5 c4 36. Ba4 b5 37. Bc2 Rd2+ 0-1

[Event "Titled Tuesday intern op 19th Sep Late"]
[Site "Chess.com INT"]
[Date "2023.09.19"]
[Round "2"]
[White "Bernat, David"]
[Black "Negron Lizarazo, Juan Sebastian"]
[Result "1-0"]
[WhiteElo "1862"]
[BlackElo "1645"]
[PlyCount "93"]
[EventDate "2023.09.19"]
[EventType "swiss (blitz)"]
[EventRounds "11"]
[EventCountry "USA"]
[SourceTitle "EXT 2024"]
[Source "ChessBase"]
[SourceDate "2023.10.10"]
[SourceVersion "1"]
[SourceVersionDate "2023.10.10"]
[SourceQuality "1"]

1. c4 e5 2. Nc3 Nc6 3. g3 d6 4. Bg2 Be6 5. b3 g6 6. Bb2 Bg7 7. e3 Qd7 8. Nge2 Bh3 9. Bxh3 Qxh3 10. Ng1 Qe6 11. Qe2 Nge7 12. 0-0-0 0-0 13. f4 f5 14. d4 exd4 15. exd4 Nxd4 16. Rxd4 Qxe2 17. Ngxe2 Bxd4 18. Nxd4 Nc6 19. Ne6 Rf7 20. Nd5 Rc8 21. Nf6+ Rxf6 22. Bxf6 Kf7 23. Nxc7 Rxc7 24. Bc3 d5 25. cxd5 Nb4 26. Kb2 Nxd5 27. Be5 Rd7 28. Rd1 Nb6 29. Rxd7+ Nxd7 30. Bd4 b6 31. Kc3 Ke6 32. Kc4 Kd6 33. Kb5 Kd5 34. Bf2 Nb8 35. a4 Ke4 36. a5 bxa5 37. Bxa7 Nd7 38. Kxa5 Kf3 39. Kb5 Kg2 40. Kc6 Nf6 41. b4 Kxh2 42. b5 Ng8 43. b6 Ne7+ 44. Kd7 Nd5 45. b7 Nf6+ 46. Ke6 Ne8 47. b8Q 1-0

[Event "Titled Tuesday intern op 19th Sep Early"]
[Site "Chess.com INT"]
[Date "2023.09.19"]
[Round "6"]
[White "Clawitter, Craig"]
[Black "Bernat, David"]
[Result "0-1"]
[WhiteElo "2050"]
[BlackElo "1862"]
[PlyCount "102"]
[EventDate "2023.09.19"]
[EventType "swiss (blitz)"]
[EventRounds "11"]
[EventCountry "USA"]
[SourceTitle "EXT 2024"]
[Source "ChessBase"]
[SourceDate "2023.10.10"]
[SourceVersion "1"]
[SourceVersionDate "2023.10.10"]
[SourceQuality "1"]

1. e4 c5 2. Nf3 g6 3. d4 cxd4 4. Nxd4 Nc6 5. Nc3 Bg7 6. Be3 Nf6 7. Bc4 0-0 8. Bb3 a5 9. 0-0 d6 10. Ndb5 Ng4 11. Bd2 Bd7 12. h3 Nf6 13. a4 Rc8 14. Re1 Ne5 15. Nd5 Nxd5 16. exd5 Bxb5 17. axb5 Nc4 18. Bxc4 Rxc4 19. Bxa5 Qd7 20. Qe2 Qxb5 21. Bc3 Bxc3 22. bxc3 Qxd5 23. Qxe7 Rxc3 24. Rad1 Qf5 25. Rxd6 Rxc2 26. Qh4 Rc6 27. Rxc6 bxc6 28. Qc4 Qb5 29. Rc1 Qxc4 30. Rxc4 Rc8 31. Kf1 Kg7 32. Ke2 Kf6 33. Re4 Kf5 34. f3 c5 35. Kd3 h5 36. g4+ hxg4 37. hxg4+ Kg5 38. Kc4 Kh4 39. Rf4 Rc7 40. Rf6 Kg5 41. Ra6 Kf4 42. Rf6+ Ke3 43. g5 Re7 44. Kxc5 Re5+ 45. Kd6 Rxg5 46. Rxf7 Rf5 47. Rg7 g5 48. Ke6 Ra5 49. Kf6 Kf4 50. Rf7 Ra6+ 51. Kg7+ Kg3 0-1

[Event "Titled Tuesday intern op 19th Sep Late"]
[Site "Chess.com INT"]
[Date "2023.09.19"]
[Round "3"]
[White "Eugene, Floryan"]
[Black "Bernat, David"]
[Result "0-1"]
[WhiteElo "2426"]
[BlackElo "1862"]
[PlyCount "68"]
[EventDate "2023.09.19"]
[EventType "swiss (blitz)"]
[EventRounds "11"]
[EventCountry "USA"]
[SourceTitle "EXT 2024"]
[Source "ChessBase"]
[SourceDate "2023.10.10"]
[SourceVersion "1"]
[SourceVersionDate "2023.10.10"]
[SourceQuality "1"]

1. Nf3 c5 2. c4 g6 3. d4 cxd4 4. Nxd4 Nc6 5. e4 Nf6 6. Nc3 d6 7. Nc2 Bg7 8. Be2 0-0 9. 0-0 Be6 10. Be3 Qa5 11. Qd2 Rfc8 12. b3 Ng4 13. Nd4 Nxe3 14. fxe3 Qg5 15. Rad1 Bh6 16. Rf3 Nxd4 17. Qxd4 Bg7 18. Qd3 Qe5 19. Nd5 Bxd5 20. exd5 f5 21. Rdf1 a6 22. a4 b5 23. axb5 axb5 24. cxb5 Rc3 25. Qd1 Rxe3 26. Rxe3 Qxe3+ 27. Kh1 Ra2 28. Bf3 Be5 29. Re1 Qf4 30. g3 Qb4 31. Be2 Rd2 32. Qc1 Qe4+ 33. Kg1 Bd4+ 34. Kf1 Qh1# 0-1

[Event "Titled Tuesday intern op 08th Aug Late"]
[Site "Chess.com INT"]
[Date "2023.08.08"]
[Round "1"]
[White "Bernat, David"]
[Black "Hua, Lefong"]
[Result "1/2-1/2"]
[WhiteElo "1862"]
[BlackElo "2305"]
[PlyCount "149"]
[EventDate "2023.08.08"]
[EventType "swiss (blitz)"]
[EventRounds "11"]
[EventCountry "USA"]
[SourceTitle "EXT 2024"]
[Source "ChessBase"]
[SourceDate "2023.10.10"]
[SourceVersion "1"]
[SourceVersionDate "2023.10.10"]
[SourceQuality "1"]

1. c4 Nf6 2. Nc3 g6 3. e4 d6 4. g3 Bg7 5. Nge2 c5 6. Bg2 Nc6 7. d3 0-0 8. 0-0 Rb8 9. h3 a6 10. a4 Nd7 11. Be3 Nd4 12. Rb1 b6 13. b4 Bb7 14. b5 axb5 15. Nxb5 Nxb5 16. axb5 Ra8 17. Qb3 Ra7 18. Bc1 Qa8 19. Bb2 Bxb2 20. Rxb2 Ra3 21. Qc2 Qa5 22. Rfb1 Ra8 23. Kh2 Nf8 24. Rb3 Ra2 25. R3b2 Ra3 26. Rb3 Ne6 27. Rxa3 Qxa3 28. Rb3 Qa5 29. Qc3 Qa2 30. Rb2 Qa1 31. Qd2 Ra3 32. f4 Nd4 33. Nxd4 cxd4 34. Rc2 Qb1 35. f5 Ra1 36. Qf2 Qd1 37. Rd2 Qc1 38. Qxd4 Qxd2 39. Qxa1 Qxd3 40. f6 exf6 41. Qxf6 Bxe4 42. Bxe4 Qxe4 43. Qxd6 Qe3 44. Qd5 h5 45. g4 Qf2+ 46. Qg2 Qf4+ 47. Qg3 Qxc4 48. Qb8+ Kh7 49. Qxb6 hxg4 50. hxg4 Qxg4 51. Qc6 Qe2+ 52. Kg3 Qe3+ 53. Kg2 Qd2+ 54. Kg3 g5 55. b6 Qf4+ 56. Kg2 Qd2+ 57. Kg3 Qe3+ 58. Kg2 Qe2+ 59. Kg3 Qe1+ 60. Kg2 Qd2+ 61. Kg1 Qd1+ 62. Kf2 Qd2+ 63. Kf3 Qd3+ 64. Kg4 f6 65. Qc7+ Kg6 66. Qc6 Qd4+ 67. Kg3 Qe3+ 68. Kg2 Qe2+ 69. Kg1 Qe1+ 70. Kg2 Qd2+ 71. Kf1 Qd1+ 72. Kf2 Qd2+ 73. Kf1 Qd1+ 74. Kf2 Qd2+ 75. Kf1 1/2-1/2

[Event "Titled Tuesday intern op 18th Jul Early"]
[Site "Chess.com INT"]
[Date "2023.07.18"]
[Round "4"]
[White "Boder, Jan"]
[Black "Bernat, David"]
[Result "1-0"]
[WhiteElo "2264"]
[BlackElo "1862"]
[PlyCount "65"]
[EventDate "2023.07.18"]
[EventType "swiss (blitz)"]
[EventRounds "11"]
[EventCountry "USA"]
[SourceTitle "EXT 2024"]
[Source "ChessBase"]
[SourceDate "2023.10.10"]
[SourceVersion "1"]
[SourceVersionDate "2023.10.10"]
[SourceQuality "1"]

1. d4 d5 2. Nf3 Nf6 3. c4 c6 4. Nc3 a6 5. g3 dxc4 6. e4 b5 7. e5 Nd5 8. Ne4 Bf5 9. Nc5 e6 10. Bg2 Bxc5 11. dxc5 Nd7 12. 0-0 Nxc5 13. Nd4 Bd3 14. Qg4 Qc7 15. Qxg7 0-0-0 16. Re1 h5 17. Qg5 Nb4 18. a3 Nc2 19. Nxc2 Bxc2 20. Be3 Nb3 21. Rac1 Nxc1 22. Rxc1 Bd3 23. Qf6 h4 24. Qf3 hxg3 25. hxg3 Rhg8 26. Bc5 Rd5 27. Bd6 Rxd6 28. exd6 Qxd6 29. b3 cxb3 30. Rxc6+ Kd7 31. Rxd6+ Kxd6 32. Qxd3+ Ke7 33. Qxb3 1-0

[Event "Titled Tuesday intern op 18th Jul Early"]
[Site "Chess.com INT"]
[Date "2023.07.18"]
[Round "3"]
[White "La Villa Rivas, Marlon Javier"]
[Black "Bernat, David"]
[Result "1/2-1/2"]
[WhiteElo "2202"]
[BlackElo "1862"]
[PlyCount "170"]
[EventDate "2023.07.18"]
[EventType "swiss (blitz)"]
[EventRounds "11"]
[EventCountry "USA"]
[SourceTitle "EXT 2024"]
[Source "ChessBase"]
[SourceDate "2023.10.10"]
[SourceVersion "1"]
[SourceVersionDate "2023.10.10"]
[SourceQuality "1"]

1. e4 c5 2. Nf3 g6 3. d4 cxd4 4. Qxd4 Nf6 5. e5 Nc6 6. Qa4 Nd5 7. Qe4 Nb6 8. Nc3 Bg7 9. Bf4 d5 10. exd6 Bf5 11. dxe7 Bxc3+ 12. bxc3 Bxe4 13. exd8Q+ Rxd8 14. Bb5 0-0 15. 0-0 Bxc2 16. Rfe1 Nd5 17. Bg5 Rc8 18. Rac1 Bf5 19. Nd4 Nxd4 20. cxd4 Nc3 21. Bf1 f6 22. Bh6 Rfd8 23. Re7 Rd7 24. Rce1 Rcd8 25. Bc4+ Nd5 26. Bxd5+ Rxd5 27. Rg7+ Kh8 28. Rxb7 Rxd4 29. Bg7+ Kg8 30. Bxf6 Rd1 31. Rf1 Rxf1+ 32. Kxf1 Rd7 33. Rb8+ Kf7 34. Bc3 Rc7 35. Bb4 a6 36. Rf8+ Ke6 37. Re8+ Kd5 38. Ke2 Rc2+ 39. Ke3 Rxa2 40. Rd8+ Kc4 41. Bf8 Rc2 42. Rd4+ Kb5 43. g4 Be6 44. h3 Rc3+ 45. Kd2 Rxh3 46. Rb4+ Kc6 47. g5 Bf5 48. Be7 Rd3+ 49. Ke2 Rd7 50. Bf6 Bd3+ 51. Ke3 Bf5 52. Rc4+ Kd5 53. Rd4+ Kc6 54. Rxd7 Kxd7 55. Kd4 Kc6 56. Kc4 Be6+ 57. Kb4 Kd6 58. f4 Kd5 59. Ka5 Bc8 60. Kb6 Ke4 61. Be5 Kf5 62. Ka5 Bb7 63. Kb6 Bc8 64. Ka5 Ke6 65. Kb6 Kd7 66. Ka5 Kc6 67. Kb4 Kb7 68. Ka5 Bg4 69. Bd4 Be2 70. Be5 Kc6 71. Bd4 Kd5 72. Be5 Ke4 73. Kb4 Kf5 74. Ka5 Ke6 75. Kb4 Kf7 76. Ka5 Ke6 77. Kb4 Kd7 78. Ka5 Kc6 79. Bd4 Kd5 80. Be5 Kc5 81. Bb8 Kd4 82. Be5+ Ke4 83. Kb4 Kf5 84. Ka5 Kg4 85. Kb4 Kf5 1/2-1/2

[Event "Titled Tuesday intern op 02nd May Early"]
[Site "Chess.com INT"]
[Date "2023.05.02"]
[Round "5"]
[White "Bernat, David"]
[Black "Reprintsev, Alexander"]
[Result "0-1"]
[WhiteElo "1862"]
[BlackElo "2253"]
[PlyCount "84"]
[EventDate "2023.05.02"]
[EventType "swiss (blitz)"]
[EventRounds "11"]
[EventCountry "USA"]
[SourceTitle "EXT 2024"]
[Source "ChessBase"]
[SourceDate "2023.10.10"]
[SourceVersion "1"]
[SourceVersionDate "2023.10.10"]
[SourceQuality "1"]

1. c4 e5 2. Nc3 Bb4 3. g3 Bxc3 4. dxc3 d6 5. e4 Be6 6. f3 f5 7. Bd3 Qd7 8. Ne2 Nf6 9. 0-0 0-0 10. exf5 Bxf5 11. Qc2 Bxd3 12. Qxd3 Nc6 13. Be3 Rae8 14. b4 e4 15. fxe4 Ne5 16. Qd4 b6 17. Bg5 c5 18. Qd1 Nxc4 19. Bxf6 Rxf6 20. Rxf6 gxf6 21. Qd5+ Qe6 22. Nf4 Qxd5 23. exd5 Re3 24. bxc5 bxc5 25. Rb1 Rxc3 26. Rb7 Rc1+ 27. Kg2 Rc2+ 28. Kh3 Rxa2 29. Ne6 h5 30. Rg7+ Kh8 31. Rg6 Ne5 32. Rxf6 Rxh2+ 33. Kxh2 Ng4+ 34. Kh3 Nxf6 35. Kh4 a5 36. Nf4 a4 37. Nd3 a3 38. Nc1 c4 39. Kg5 Nxd5 40. Kf5 Nb4 41. Ke4 a2 42. Kd4 a1Q+ 0-1

[Event "Titled Tuesday intern op 18th Apr Late"]
[Site "Chess.com INT"]
[Date "2023.04.18"]
[Round "1"]
[White "Hauge, Lars Oskar"]
[Black "Bernat, David"]
[Result "1-0"]
[WhiteElo "2514"]
[BlackElo "1862"]
[PlyCount "79"]
[EventDate "2023.04.18"]
[EventType "swiss (blitz)"]
[EventRounds "11"]
[EventCountry "USA"]
[SourceTitle "EXT 2024"]
[Source "ChessBase"]
[SourceDate "2023.10.10"]
[SourceVersion "1"]
[SourceVersionDate "2023.10.10"]
[SourceQuality "1"]

1. e4 c5 2. Nc3 g6 3. f4 Bg7 4. Nf3 Nc6 5. Bb5 Nd4 6. 0-0 a6 7. Bd3 e6 8. Nxd4 cxd4 9. Ne2 Ne7 10. c3 Qb6 11. Kh1 Nc6 12. Bc2 f5 13. d3 0-0 14. e5 d6 15. cxd4 Nxd4 16. exd6 Nxc2 17. Qxc2 Qxd6 18. Be3 Bd7 19. Bc5 Qc6 20. Rac1 Rac8 21. Qd2 Rfe8 22. Bd4 Qd5 23. Bxg7 Kxg7 24. d4 Bb5 25. Nc3 Qd7 26. Rfe1 Bc4 27. Rcd1 Bd5 28. Re5 b5 29. a3 Bb3 30. Rde1 Red8 31. d5 Kg8 32. Rxe6 Bxd5 33. Nxd5 Qxd5 34. Re8+ Rxe8 35. Qxd5+ Kg7 36. Qd7+ Kf8 37. Rxe8+ Rxe8 38. h3 Re7 39. Qc8+ Kf7 40. Qxa6 1-0

[Event "Titled Tuesday intern op 21st Mar Early"]
[Site "Chess.com INT"]
[Date "2023.03.21"]
[Round "4"]
[White "Papasimakopoulos, Alexandros"]
[Black "Bernat, David"]
[Result "1-0"]
[WhiteElo "2356"]
[BlackElo "1862"]
[PlyCount "67"]
[EventDate "2023.03.21"]
[EventType "swiss (blitz)"]
[EventRounds "11"]
[EventCountry "USA"]
[SourceTitle "EXT 2024"]
[Source "ChessBase"]
[SourceDate "2023.10.10"]
[SourceVersion "1"]
[SourceVersionDate "2023.10.10"]
[SourceQuality "1"]

1. d4 d5 2. c4 e5 3. dxe5 d4 4. a3 Nc6 5. e3 Nge7 6. Nf3 Bg4 7. Be2 dxe3 8. Qxd8+ Rxd8 9. Bxe3 Ng6 10. Nc3 Be7 11. Nd5 0-0 12. Nxc7 Bxf3 13. Bxf3 Ngxe5 14. Be2 Nd4 15. Rc1 b6 16. Nd5 Bc5 17. b4 Nxe2 18. Kxe2 Bxe3 19. Nxe3 Nd3 20. Rc3 Nf4+ 21. Kf3 g5 22. h4 f6 23. c5 bxc5 24. bxc5 Nd3 25. c6 Ne5+ 26. Kg3 Rc8 27. c7 f5 28. Nd5 f4+ 29. Kh3 g4+ 30. Kh2 Rf7 31. Re1 Ng6 32. h5 Nf8 33. Ne7+ Rxe7 34. Rxe7 1-0

[Event "Titled Tuesday intern op 14th Mar Late"]
[Site "Chess.com INT"]
[Date "2023.03.14"]
[Round "2"]
[White "Bernat, David"]
[Black "Yanchenko, Roman"]
[Result "0-1"]
[WhiteElo "1862"]
[BlackElo "2466"]
[PlyCount "156"]
[EventDate "2023.03.14"]
[EventType "swiss (blitz)"]
[EventRounds "11"]
[EventCountry "USA"]
[SourceTitle "EXT 2024"]
[Source "ChessBase"]
[SourceDate "2023.10.10"]
[SourceVersion "1"]
[SourceVersionDate "2023.10.10"]
[SourceQuality "1"]

1. c4 e6 2. e4 d5 3. exd5 exd5 4. cxd5 Qxd5 5. Nc3 Qd8 6. d4 Nf6 7. Nf3 Be7 8. Bc4 0-0 9. 0-0 Nbd7 10. Re1 c6 11. Ne5 Nxe5 12. dxe5 Qxd1 13. Rxd1 Ng4 14. Bf4 Be6 15. Bd3 f6 16. exf6 Bxf6 17. Bg3 Rae8 18. Re1 Bd4 19. Re2 Bd7 20. Rae1 Nxf2 21. Bc4+ Kh8 22. Rxe8 Ne4+ 23. Kh1 Nxg3+ 24. hxg3 Rxe8 25. Rd1 c5 26. Ne2 Bg4 27. Rd2 Bf6 28. Nf4 a6 29. b3 g6 30. Bd5 Re7 31. Bf3 Bf5 32. Rd8+ Kg7 33. Kh2 Be5 34. Rd5 Bd4 35. Nh5+ Kh6 36. Nf4 Re1 37. g4 Be6 38. g5+ Kg7 39. Rd8 Be5 40. Kg3 Bf5 41. Rd5 Bd4 42. Nh3 Re7 43. Nf4 Be5 44. Rxc5 Bb8 45. Rc4 Rd7 46. Kf2 h6 47. Ke3 hxg5 48. Nd5 g4 49. Be4 Ba7+ 50. Kf4 Rf7 51. Bxf5 Rxf5+ 52. Ke4 Rf2 53. Rc7+ Kh6 54. Rxb7 Re2+ 55. Kd3 Rxg2 56. Rxa7 Rxa2 57. Ne3 g3 58. Rf7 g2 59. Nxg2 Rxg2 60. Rf6 Rg3+ 61. Kc4 Rg4+ 62. Kc5 a5 63. Kb5 Rb4+ 64. Kxa5 Rxb3 65. Ka4 Rb1 66. Rf2 g5 67. Rh2+ Kg6 68. Rh8 g4 69. Rg8+ Kf5 70. Ka3 Kf4 71. Ka2 Rb5 72. Rf8+ Ke4 73. Rg8 Kf3 74. Rf8+ Kg2 75. Rg8 g3 76. Ka3 Kf2 77. Rf8+ Kg1 78. Rg8 g2 0-1